|
|
|
|
| LEADER |
00000nab a2200000 a 4500 |
| 001 |
vtls000667622 |
| 003 |
SK-MaSNL |
| 005 |
20260304090543.0 |
| 008 |
250425c1998 xo 0 slo |
| 015 |
|
|
|a SNBRB1998/07-20379
|
| 035 |
|
|
|a CLN000019804
|
| 035 |
|
|
|a urn:nbn:sk:snk-aba2u1
|
| 035 |
|
|
|a (urnnbn)urn:nbn:sk:snk:ar-a09ate
|
| 035 |
|
|
|a (uuid)525a76f4-1ec9-4131-a195-b40a00c18d2e
|
| 040 |
|
|
|a SNKBUCL
|b slo
|c SNKBUCL
|e AACR2
|
| 041 |
0 |
|
|a slo
|
| 044 |
|
|
|a xo
|c SK
|
| 080 |
|
|
|a 336.76(437.6)
|2 1997
|
| 100 |
1 |
|
|a Žitňanský, Eduard,
|d 1952-2022
|4 aut
|9 110414
|
| 245 |
1 |
0 |
|a Depresia ako nekončiaci seriál
|b voľný pád slovenského kapitálového trhu je iba skutočným obrazom prosperity hospodárstva
|c Eduard Žitňanský
|
| 650 |
0 |
7 |
|a trh kapitálový
|z Slovensko
|2 snkbucl
|9 844108
|
| 655 |
|
7 |
|a články z novín a časopisov
|2 snkbucl
|9 267496
|
| 773 |
0 |
|
|t OS
|g Č. 7 (1998), s. 64-66
|x 1335-2296
|
| 850 |
|
|
|a Slovenská národná knižnica
|
| 852 |
|
|
|a Slovenská národná knižnica
|
| 954 |
|
|
|a odborná, vedecká literatúra pôvodná (slovenská)
|2 lita
|
| 958 |
|
|
|a article13
|
| 958 |
|
|
|a OND
|
| 958 |
|
|
|a SK
|
| 958 |
|
|
|a EUIPO
|
| 992 |
|
|
|a RBX
|
| 999 |
|
|
|c 2811821
|d 2813751
|